Funktionsprinzip Staatsgrenze - Aspekte seiner Anwendbarkeit im Bereich der Osteuropaforschung

Titel: Funktionsprinzip Staatsgrenze - Aspekte seiner Anwendbarkeit im Bereich der Osteuropaforschung
Verfasser:
In: Grenzen in Ostmitteleuropa im 19. und 20. Jahrhundert, (2000), Seite 57-66
alle Artikel anzeigen
Veröffentlicht: 2000
Format: Aufsatz
Sprache: Deutsch
Kein Bild verfügbar
X
alg: 39145451
001A    $01999:11-11-16 
001B    $01999:23-03-21 $t21:43:41.000 
001D    $01999:11-11-16 
001U    $0utf8 
001X    $00 
002@    $0Aox 
003@    $039145451X 
007A    $039145451X $aHEB 
007T    $0Herd17976 
010@    $ager 
011@    $a2000 
021A    $aFunktionsprinzip Staatsgrenze - Aspekte seiner Anwendbarkeit im Bereich der Osteuropaforschung 
028A    $7120871203 $8Haslinger, Peter$Z1964- [Tp1] $9152380078 
031A    $h57-66 $j2000 
039B    $aIn $8--Aau--. Grenzen in Ostmitteleuropa im 19. und 20. Jahrhundert. - Marburg : Herder-Inst., 2000. - VI, 291 S.. - graph. Darst., Kt.. - ISBN 3-87969-275-0 $x200000000000000943 $9090986237 
045F    $a911.437 $eDDC23BSB 
045F/01 $a911 
045F/03 $g437 

lok: 39145451 78

exp: 39145451 78 1 #EPN
201B/01 $003-04-17 $t17:53:20.000 
201U/01 $0utf8 
203@/01 $078754857X 
208@/01 $a11-11-16 $be 
209A/01 $a/ $f000 $x00 
220C/01 $aTitelaufnehmer: cs;gm 
244Z/01 $2Trx $#Kesk- ja Ida- Euroopa kontseptsioonid $#Vidurio Europos koncepcijos $#East-Central Europe $#Keletközépeurópa-eszmék $#Europa Środkowo-Wschodnia koncepcje $#Európa stredovýchodná koncepcie $#Evropa střední, východní část koncepce $#Mitteleuropa $#Osteuropakonzeptionen $#Europa Środkowa koncepcje $#Stredná Európa koncepcie $#Střední Europa koncepce $8--Trx--Ostmitteleuropakonzeptionen $x01 $9391364286 
244Z/01 $aGeschichte 1800-1995 $x02 
244Z/01 $2Trx $#piirid $#sienos $#borders $#határok $#granice $#hranice $#hranice $8--Trx--Grenzen $x03 $9391373366 
244Z/01 $2Trx $#suhted, rahvusvahelised $#santykiai, tarptautiniai $#relations, international $#kapcsolatok, nemzetközi $#stosunki międzynarodowe $#vzťahy medzinárodné $#vztahy mezinárodní $8--Trx--Beziehungen, internationale $x04 $9391372572 
244Z/01 $2Trx $#geograafia, ajalooline $#istorinė geografija $#Geography, historical $#földrajz, történeti $#geografia historyczna $#geografia, historická $#geografie historická $8--Trx--Geographie, historische $x05 $9391353489 
244Z/01 $2Trx $8--Trx--Einzelbeiträge $x06 $9391384570 
245Z/01 $a04.08 $x01 
247C/01 $82080>Marburg/Lahn, Herder-Institut, Forschungsbibliothek, Bibliographieportal $9336309341
LEADER 00000caa a22000002c 4500
001 39145451X
003 DE-603
005 20210323214341.0
007 tu
008 161111s2000 xx |||| | u00||u|ger c
035 |a (DE-599)HEB39145451X 
040 |a DE-603  |b ger  |c DE-603  |d DE-603 
041 |a ger 
082 0 4 |8 1\u  |a 911.437  |q DE-101  |2 23/BSB 
085 |8 1\u  |b 911 
085 |8 1\u  |z 2  |s 437 
100 1 |a Haslinger, Peter  |d 1964-  |0 (DE-603)152380078  |0 (DE-588)120871203  |2 gnd 
245 0 0 |a Funktionsprinzip Staatsgrenze - Aspekte seiner Anwendbarkeit im Bereich der Osteuropaforschung 
264 0 |c 2000 
773 0 8 |i In  |t Grenzen in Ostmitteleuropa im 19. und 20. Jahrhundert  |d Marburg : Herder-Inst., 2000  |h VI, 291 S., graph. Darst., Kt.  |z 3879692750  |g (2000), Seite 57-66  |w (DE-603)090986237 
924 0 |9 2080  |a (DE-603)78754857X  |b DE-2080  |c HES  |d d  |g /